Trivia Quiz 4 - Statistics

General Stats
  • This quiz has been taken 1,658 times
  • The average score is 7 of 15
Answer Stats
Hint Answer % Correct
Which religion was founded by science fiction writer L. Ron Hubbard? Scientology
92%
What state became the last to join the United States in 1959? Hawaii
87%
During which war was Mata Hari executed? World War I
77%
Likenesses of Gibson guitars are used in what series of music video games? Guitar Hero
69%
What skateboarder was the first to land a 900-degree rotation in skateboarding competition history? Tony Hawk
67%
What country is known for having a ritual tea ceremony? Japan
66%
What house number is the official residence of the prime minister of the United Kingdom? Ten
65%
What was the final studio album to be recorded by the Beatles? Abbey Road
41%
What late night host was once a writer for The Simpsons? Conan O'Brien
37%
Which singer sang China Girl? David Bowie
36%
In what country would you find Phi Phi island? Thailand
30%
Who has a dog named Hot Dog in the Archie comics? Jughead
29%
What name is given to a V-shaped insignia? Chevron
17%
In what Vegas location did Ross and Rachel get married? Little White Chapel
9%
What is the name of the network of highways that circumnavigates the entire of Australia? Highway 1
2%
No matching quizzes found
Score Distribution
Percent of People with Each Score
Percentile by Number Answered
Your Score History
You have not taken this quiz